• 首页
  • 本馆介绍
  • 公告通知
  • 最新文献
  • 馆藏检索
  • 电子资源
  • 读者导购
  • 参考咨询
  • 我的图书馆
  • 登录
  • 详细信息显示
  • 放入我的书架
  • 预约/预借图书
  • 作者相关作品
  • 分类相关作品
  • 丛书相关作品
  • 出版社相关作品

书目信息

  • 表格格式
  • 工作单格式
  • 卡片格式
题名:
电工技术基础题解
    
 
作者: ;北京化工学院电工教研室 编
分册:  
出版信息: 北京   科学技术文献出版社  1981
页数: 220页
开本: 25cm
丛书名:
单 册:
中图分类: TM-44
科图分类:
主题词: 电工技术--解题
电子资源:
ISBN:
000 00667nam0 2200229 45
001 0181004262
005 20060814104400.92
010    @dCNY1.70
091    @a15176.535
100    @a19950615d1981 em y0chiy0121 ea
101 0  @achi
102    @aCN@b110000
105    @ay qz 000yy
200 10 @a电工技术基础题解@Adian gong ji shu ji chu ti jie@f北京化工学院电工教研室编
210    @a北京@c科学技术文献出版社@d1981
215    @a220页@d25cm
606    @a电工技术@x解题
690    @aTM-44@v3
711 02 @a北京化工学院电工教研室@Abei jing hua gong xue yuan dian gong jiao yan shi@4编
801  2 @aCN@bNLC@c20060814
801  0 @aCN@bTSSF
905    @a10447@dTM-44@e61
    
    电工技术基础题解/北京化工学院电工教研室编.-北京:科学技术文献出版社,1981
    220页;25cm
    
    
    ISBN :CNY1.70
    
●
相关链接 在E读中查询图书 在五车中查询图书 在当当中查询图书 在豆瓣中查询图书


正题名:电工技术基础题解     索取号:TM-44/61         预约/预借

序号 登录号 条形码 馆藏地/架位号 状态 备注
1 0458127   204581274   密集书库/ [索取号:TM-44/61] 在馆    
2 0458128   204581283   密集书库/ [索取号:TM-44/61] 在馆    
3 0458129   204581292   密集书库/ [索取号:TM-44/61] 在馆    
唐山师范学院图书馆 欢迎您!
大连网信软件有限公司© 版权所有